A-Z: Answers containing "Sing" - Statistics

General Stats
  • This quiz has been taken 18 times
  • The average score is 12 of 26
Answer Stats
Initial Clue Answer % Correct
G Selecting an option which one thinks may be correct, but doesn't know Guessing
89%
A Mistreating Abusing
83%
C Hard protective layer put round bullets, shells and pipes Casing
78%
R On the way up Rising
78%
S Unmarried Single
78%
B Surname of actress Kim from Never Say Never Again, 9½ Weeks and Batman Basinger
72%
E Keeping fit Exercising
72%
O Against Opposing
72%
K District of London with a palace and a market Kensington
67%
L The state capital of Michigan Lansing
61%
V Dutch monster hunter from Dracula; also a film title Van Helsing
56%
P Owning Possessing
50%
Z Striped section of road at which pedestrians can walk from one side to the other Zebra crossing
50%
D Adjective referring to something that causes feelings of misery Depressing
44%
J Contrasting one item with a different one Juxtaposing
44%
T Sherpa who was in the first team to climb Everest Tensing
33%
H Swedish city Helsingborg
28%
F Unnecessary gunge added onto salad, containing oil, vinegar, tomato and sugar French dressing
22%
I More and more Increasingly
22%
M Former prime minister of India Manmohan Singh
22%
U Predictably Unsurprisingly
17%
Q Subdividing into measurable increments, a term associated with physics and also used for moving drum sounds onto the exact beat using music software Quantising
6%
W Austrian village where a wild canine might walk by? Wolfpassing
6%
Y Southern town in Haute-Loire, France, where waters can also be found Yssingeaux
6%
N City on the outskirts of Dhaka Narsingdi
0%
X Chinese town with a river flowing through it and a million on their way back Xarsingma
0%
No matching quizzes found
Score Distribution
Percent of People with Each Score
Percentile by Number Answered
Your Score History
You have not taken this quiz